00731cam a22003014i 4500003000900000005001700009008004100026035001900067040003300086082001700119100003800136245008500174264000500259336002100264337002500285338002300310526001000333526001000343526001000353526001000363526000800373526000800381526000800389526000800397526000800405526000800413526000800421PE-LiUPU20250731173226.0150625s r 000 0 d a(Sirsi) a34101 aPE-LiUPUbspacPE-LiUPUerda04a261bC182211 aCalderon Manrique, Jaime,eautor.13aLa teologia de la liberacion y el educador cristiano /cJaime Calderon Manrique. 1a atext2rdacontent aunmediated2rdamedia avolume2rdacarrier aSEG42 aSEG41 aSEG40 aSEG39 aP94 aP87 aP86 aP85 aP77 aP76 aP35